000 01497nam2a2200253 4500
001 RU\NLR\BIBL_A\011147412
005 20250625210959.0
010 _a978-5-89847-461-4
_924
021 _aRU
_b2016-42545
_92726
035 _a(NLR Aleph) 011147412
090 _a11652502
_c11652502
100 _a20160607d2016 |||y0rusy50 ca
101 0 _arus
102 _aRU
105 _aa j 000yy
200 0 _aЧ. 1
210 _d2016
_aБ. м.
215 _a121 с.
_cил.
320 _aБиблиогр. в тексте
461 0 _1001RU\NLR\BIBL_A\011167891
_12001#$aЯзык и культура$eхрестоматия$eучебное пособие для студентов всех направлений (бакалавриат)$fМ-во образования Моск. обл., Гос. ун-т "Дубна", Фак. соц. и гуманитар. наук, Каф. соц. и гуманитар. наук$gсост.: С.П. Хохлова$vЧ. 1
_911751099
_cДубна
_d2016
_fМ-во образования Моск. обл., Гос. ун-т "Дубна", Фак. соц. и гуманитар. наук, Каф. соц. и гуманитар. наук
_nГосударственный университет "Дубна"
_oхрестоматия : учебное пособие для студентов всех направлений (бакалавриат)
_tЯзык и культура
_vЧ. 1
942 _cBOOK
980 _aNB